000 00387nam a2200169Ia 4500
001 8162
003 IN-NITTTR
005 20251114233035.0
008 251113s9999||||xx |||||||||||||| ||eng||
040 _beng
040 _cIN-NITTTR
041 _aeng
082 _a671.5 S27M
100 _aShaw, Milton C.
245 0 _aMetal cutting principles. /
_cShaw, Milton C.
942 _2ddc
_cBK
999 _c10800
_d10800